Local Councillors in Europe /

Guardat en:
Dades bibliogràfiques
Autor principal: Björn Egner, David Sweeting, Pieter-Jan Klok (edición)
Format: Llibre
Idioma:anglès
Publicat: Wiesbaden, Alemania : Springer VS, 2013, c2013
Col·lecció:(Urban and Regional Research International)
Accés en línia:Ver documento en línea
Etiquetes: Afegir etiqueta
Sense etiquetes, Sigues el primer a etiquetar aquest registre!

MARC

LEADER 00000nam^a22000000a04500
001 000599496
009 20260512124020.536
020 |a 978-3-658-01857-3 
022 |a 2627-4213 
037 |a Acervo ITESO - Biblioteca 
041 |a ING 
082 |a Libro en línea 
100 |a Björn Egner, David Sweeting, Pieter-Jan Klok  |e (edición) 
245 |a Local Councillors in Europe / 
264 4 |a Wiesbaden, Alemania :  |b Springer VS,  |c 2013, c2013 
264 2 |a Cham, Suiza :  |b Springer Link [distribución],  |c 2025 
300 |a 1 libro electrónico en línea (X, 270 p.) 
300 |a 1 recurso en línea 
336 |a datos para computadora  |b cod  |2 rdacontenido 
337 |a computadora  |b c  |2 rdamedio 
338 |a recurso en línea  |b cr  |2 rdasoporte 
440 |a (Urban and Regional Research International) 
506 0 |a Licencias ilimitadas 
567 |a Catalogación rápida 
649 |a XX 
856 4 0 |u https://link-springer-com.ezproxy.iteso.mx/10.1007/978-3-658-01857-3  |y Ver documento en línea 
910 |a Fondo General 
920 |a Electrónicos - Libros en Línea 
930 |a Plataforma Digital 
905 |a 205 
902 |a https://opac.biblio.iteso.mx/vufind/Record/000599496